[Event "Davos Summer op"]
[Site "Davos"]
[Date "2020.07.12"]
[Round "5"]
[White "Schmidig, Jean Claude"]
[Black "Gautier, Marc"]
[Result "1-0"]
[WhiteElo "1890"]
[BlackElo "1667"]
[PlyCount "73"]
[EventDate "2020.07.09"]
[EventType "swiss"]
[EventRounds "5"]
[EventCountry "SUI"]
[SourceTitle "CBM 197 Extra"]
[Source "ChessBase"]
[SourceDate "2020.09.30"]
[SourceVersion "1"]
[SourceVersionDate "2020.09.30"]
[SourceQuality "1"]

1. e4 e5 2. Nf3 Nc6 3. d3 Bc5 4. g3 d6 5. Bg2 Nf6 6. 0-0 0-0 7. c3 a6 8. h3 h6 9. d4 Ba7 10. d5 Ne7 11. Qe2 Bd7 12. c4 c6 13. Nc3 cxd5 14. cxd5 b5 15. a3 Nc8 16. Be3 Nb6 17. Nd2 Na4 18. Nxa4 bxa4 19. Rfc1 Bb5 20. Nc4 Nd7 21. Bxa7 Rxa7 22. Qe3 Nc5 23. Nxd6 Qxd6 24. Qxc5 Rd7 25. Qxd6 Rxd6 26. Rc7 Rd7 27. Rac1 Rb8 28. h4 Kf8 29. Bh3 Rxc7 30. Rxc7 Be8 31. d6 Bb5 32. Bf1 Ke8 33. Re7+ Kf8 34. Rxe5 f6 35. Rc5 Bxf1 36. Kxf1 Rxb2 37. Rc8+ 1-0

[Event "Davos Summer op"]
[Site "Davos"]
[Date "2020.07.11"]
[Round "4"]
[White "Gautier, Marc"]
[Black "Cauderay, Philippe"]
[Result "1-0"]
[WhiteElo "1667"]
[BlackElo "1453"]
[PlyCount "215"]
[EventDate "2020.07.09"]
[EventType "swiss"]
[EventRounds "5"]
[EventCountry "SUI"]
[SourceTitle "CBM 197 Extra"]
[Source "ChessBase"]
[SourceDate "2020.09.30"]
[SourceVersion "1"]
[SourceVersionDate "2020.09.30"]
[SourceQuality "1"]

1. e4 c5 2. Nf3 d6 3. d4 cxd4 4. Qxd4 Nc6 5. Bb5 Bd7 6. Bxc6 Bxc6 7. Nc3 Nf6 8. Bg5 h6 9. Bh4 Qc7 10. Qd3 Ng4 11. h3 Ne5 12. Nxe5 dxe5 13. 0-0 e6 14. Rad1 Be7 15. Nb5 Qc8 16. Nd6+ Bxd6 17. Qxd6 f6 18. f3 Kf7 19. Bf2 b6 20. c4 Rd8 21. Qb4 Qc7 22. c5 bxc5 23. Qxc5 Rd7 24. Rxd7+ Qxd7 25. Rc1 Rc8 26. Qxa7 Qxa7 27. Bxa7 Rc7 28. Bb6 Rc8 29. a4 Ke8 30. a5 Bd7 31. Rxc8+ Bxc8 32. Kf2 Kd7 33. Ke3 Kc6 34. h4 g6 35. g3 h5 36. Bd8 f5 37. Bf6 Kd6 38. f4 Kc5 39. Bxe5 Bb7 40. exf5 exf5 41. Kd3 Ba6+ 42. Kc3 Kd5 43. Kb4 Kc6 44. Bg7 Bb5 45. Bf8 Ba6 46. Bc5 Bb5 47. Bb6 Ba6 48. Kc3 Kd5 49. Kd2 Bc4 50. Ke3 Bb5 51. b3 Ba6 52. Kd2 Bb5 53. Kc3 Ba6 54. Kb4 Bd3 55. Bd8 Kc6 56. Kc3 Ba6 57. Kd4 Kd6 58. Bb6 Bb5 59. Ba7 Ba6 60. Bb8+ Kc6 61. Ke5 Kb7 62. Kf6 Be2 63. Be5 Ka6 64. b4 Kb5 65. Bd6 Ka6 66. Kxg6 Bg4 67. Kf6 Kb5 68. Ke5 Ka6 69. Kd5 Be2 70. Bc5 Bf3+ 71. Kd6 Be2 72. Ke5 Bg4 73. Kd4 Be2 74. Ke3 Bg4 75. Kd2 Kb5 76. Kc3 Bf3 77. Bg1 Be2 78. Kd2 Bg4 79. Ke3 Ka6 80. Kd4 Kb5 81. Ke5 Bh3 82. Bc5 Bg4 83. Kd6 Bf3 84. Kc7 Ka6 85. Kb8 Be2 86. Bb6 Bd3 87. b5+ Bxb5 88. g4 fxg4 89. f5 Bc4 90. Kc7 g3 91. f6 g2 92. Kd6 g1Q 93. Bxg1 Kxa5 94. Ke7 Kb5 95. f7 Bxf7 96. Kxf7 Kc6 97. Ke6 Kc7 98. Bd4 Kd8 99. Kf7 Kd7 100. Kf6 Kd6 101. Kg6 Ke6 102. Ba1 Ke7 103. Kxh5 Kf7 104. Kh6 Kg8 105. h5 Kf7 106. Kh7 Kf8 107. Kg6 Kg8 108. h6 1-0

[Event "Verbandsliga Suedbaden 1920"]
[Site "Baden"]
[Date "2020.03.08"]
[Round "7.8"]
[White "Gautier, Marc"]
[Black "Lutz, Horst"]
[Result "1/2-1/2"]
[WhiteElo "1710"]
[BlackElo "1878"]
[PlyCount "26"]
[EventDate "2019.09.29"]
[EventType "team-tourn"]
[EventRounds "9"]
[EventCountry "GER"]
[SourceTitle "EXT 2021"]
[Source "ChessBase"]
[SourceDate "2020.10.23"]
[SourceVersion "1"]
[SourceVersionDate "2020.10.23"]
[SourceQuality "1"]
[WhiteTeam "Dreisamtal"]
[BlackTeam "Dreilaendereck II"]
[WhiteTeamCountry "GER"]
[BlackTeamCountry "GER"]

1. e4 e6 2. d4 c5 3. Nf3 cxd4 4. Nxd4 Nc6 5. Nc3 Bb4 6. Be2 Nf6 7. Nxc6 bxc6 8. Qd3 a5 9. 0-0 Ba6 10. Qf3 Bxe2 11. Nxe2 0-0 12. Bg5 Be7 13. e5 Nd5 1/2-1/2

[Event "Morbihan-ch 1112"]
[Site "Morbihan"]
[Date "2011.12.03"]
[Round "3.11"]
[White "Gautier, Marc"]
[Black "Pouliquen, Alain"]
[Result "1/2-1/2"]
[WhiteElo "1499"]
[BlackElo "1727"]
[PlyCount "85"]
[EventDate "2011.10.08"]
[EventType "swiss"]
[EventRounds "7"]
[EventCountry "FRA"]
[SourceTitle "EXT 2014"]
[Source "ChessBase"]
[SourceDate "2013.11.20"]
[SourceVersion "1"]
[SourceVersionDate "2013.11.20"]
[SourceQuality "1"]

1. e4 e5 2. Nf3 d6 3. Bc4 Bg4 4. Nc3 Nc6 5. Be2 Nf6 6. d3 Be7 7. h3 Bxf3 8. Bxf3 Nd4 9. Nd5 Nxf3+ 10. Qxf3 Nxd5 11. exd5 0-0 12. 0-0 f5 13. Bd2 Qd7 14. Rae1 Rae8 15. Qh5 f4 16. Re4 Rf5 17. Qg4 Ref8 18. Kh2 Qe8 19. d4 Qf7 20. dxe5 Qxd5 21. Rxf4 Rxf4 22. Bxf4 dxe5 23. Rd1 Qc4 24. Bxe5 Qxg4 25. hxg4 Rxf2 26. Bxc7 Rxc2 27. Be5 Re2 28. Bc3 Bf6 29. Bxf6 gxf6 30. Rd8+ Kf7 31. Rd7+ Re7 32. Rxe7+ Kxe7 33. Kg3 Ke6 34. Kf4 h6 35. g3 b6 36. b3 b5 37. b4 Kf7 38. Kf3 Kg7 39. Ke4 Kg6 40. Kf4 Kf7 41. Kf5 Kg7 42. Ke4 Kg6 43. Kf4 1/2-1/2